000 00672nam a22001937a 4500
010 _a1617CH-EN
020 _a9788181581907
_c250.00
035 _aB-645293-316
037 _aDPL
_bPansy/Ven.
082 _aS
100 _aChhabra, Sagari
245 _aThe taling tree /
_cby Sagari Chhabra; illustrated by Priya Kuriyan
260 _bETCH
_c2014
_aDehradun
270 _a17 Rajpur Road,
_bDehradun
_e248001
300 _a46p.
_c17cm(pbk)
700 _aKuriyan, Priya
942 _2ddc
_cCH
_mCHH
_hS
999 _c100886
_d100886